Name A London Underground Station On Every Line - Statistics

General Stats
  • This quiz has been taken 27 times
  • The average score is 10 of 11
Answer Stats
Line Station % Correct
Hammersmith & City Royal Oak, Shepherd's Bush Market, Upton Park + more
100%
Circle Aldgate, Sloane Square, St James's Park + more
95%
Northern Camden Town, Old Street, Tooting Broadway + more
95%
Jubilee Canary Wharf, Canning Town, North Greenwich + more
95%
Piccadilly Covent Garden, Knightsbridge, Wood Green + more
95%
District Fulham Broadway, Richmond, Wimbledon + more
95%
Bakerloo Marylebone, Queen's Park, Willesden Junction + more
95%
Central Bethnal Green, St. Paul's, Shepherd's Bush + more
91%
Victoria Brixton, Vauxhall, Walthamstow Central + more
91%
Metropolitan Harrow-on-the-Hill, Northwick Park, Preston Road + more
91%
Waterloo & City Waterloo, Bank
91%
No matching quizzes found
Score Distribution
Percent of People with Each Score
Percentile by Number Answered
Your Score History
You have not taken this quiz